BIBLIOTECA

SENCICO

Control de calidad en fabricación mecánica / (Registro nro. 3783)

Detalles MARC
000 -LEADER
fixed length control field 00942nam a22002777a 4500
003 - CONTROL NUMBER IDENTIFIER
control field PE SENCICO BE
005 - DATE AND TIME OF LATEST TRANSACTION
control field 20251020182625.0
008 - FIXED-LENGTH DATA ELEMENTS--GENERAL INFORMATION
fixed length control field 230118b |||||||| |||| 00| 0 eng d
020 ## - INTERNATIONAL STANDARD BOOK NUMBER
International Standard Book Number 978-84-86108-93-9
040 ## - CATALOGING SOURCE
Original cataloging agency PE SENCICO BE
Transcribing agency PE SENCICO BE
041 ## - LANGUAGE CODE
Language code of text/sound track or separate title spa
082 ## - DEWEY DECIMAL CLASSIFICATION NUMBER
Classification number 658.562
Item number G68
100 1# - MAIN ENTRY--PERSONAL NAME
9 (RLIN) 484
Personal name Gómez González, Sergio
245 1# - TITLE STATEMENT
Title Control de calidad en fabricación mecánica /
Statement of responsibility, etc. Sergio Gómez González
250 ## - EDITION STATEMENT
Edition statement 2a ed.
260 ## - PUBLICATION, DISTRIBUTION, ETC.
Place of publication, distribution, etc. [España]:
Name of publisher, distributor, etc. Ediciones Ceysa,
Date of publication, distribution, etc. 2007
300 ## - PHYSICAL DESCRIPTION
Extent [12], 300 p. :
Other physical details diagrs.,
Dimensions 30 cm.
500 ## - GENERAL NOTE
General note En la cubierta: ciclos formativos de grado superior de fabricación mecánica
650 14 - SUBJECT ADDED ENTRY--TOPICAL TERM
9 (RLIN) 485
Topical term or geographic name entry element Control de calidad
650 24 - SUBJECT ADDED ENTRY--TOPICAL TERM
9 (RLIN) 486
Topical term or geographic name entry element Gestión de calidad
650 24 - SUBJECT ADDED ENTRY--TOPICAL TERM
9 (RLIN) 33
Topical term or geographic name entry element Ingeniería mecánica
650 24 - SUBJECT ADDED ENTRY--TOPICAL TERM
9 (RLIN) 487
Topical term or geographic name entry element Metrología
650 24 - SUBJECT ADDED ENTRY--TOPICAL TERM
9 (RLIN) 488
Topical term or geographic name entry element Procesos de fabricación
910 ## - USER-OPTION DATA (OCLC)
-- hfp
-- hfp
942 ## - ADDED ENTRY ELEMENTS (KOHA)
Source of classification or shelving scheme Dewey Decimal Classification
Koha item type Libros
Edition 2007
Classification part 658.562
Item part G68
Existencias
Fecha de la última vez que lo usaron Número de ingreso o de inventario Pago total Signatura topográfica completa Precio efectivo desde Tipo de documento Estado perdido Sistema de clasificación Estado dañado No es para préstamo Retirado Ubicación permanente Ubicación actual Fecha de adquisición
18/01/2023 16402   658.562/G68/2007 18/01/2023 Libros   Dewey Decimal Classification       Biblioteca Central Lima Biblioteca Central Lima 18/01/2023